000 04190cam a22007214i 4500
001 u4438
003 PE-LiUPU
005 20250731180139.0
008 150616s1985 mx a rb 000 0 spa d
020 _a9684516959
020 _a9789684516953
035 _a(Sirsi) i9789684516953
040 _aPE-LiUPU
_bspa
_cPE-LiUPU
_dPE-LiUPU
_erda
049 _aPRUA
082 0 4 _a574.13061
_bT27
_221
082 0 4 _a574.13061
_bT27 1985
100 1 _aTaylor, Keith B.,
_eautor.
245 1 0 _aNutrición clínica /
_cKeith B. Taylor.
264 1 _aMéxico :
_bMcGrawn-Hill Book Company,
_c1985.
300 _a656 páginas :
_bilustraciones ;
_c23 centímetros
336 _atext
_2rdacontent
337 _aunmediated
_2rdamedia
338 _avolume
_2rdacarrier
504 _aNotas bibliográficas.
505 0 _aEvaluación del estado nutricional -- Medios para realizar la orientación nutricional -- Apoyo nutricional: suplementos, alimentación entérica y parenteral -- Aspectos nutricionales del embarazo, el amamantamiento, la lactancia y la niñez, adolescencia, edad madura, vejez -- Controversias en torno a la nutrición -- Interacciones de medicamentos y nutrimentos -- Obesidad -- Enfermedad coronaria -- Hipertensión -- Aspectos nutricionales de la hematopoyesis -- Aspectos nutricionales de diabetes mellitus -- Aspectos nutricionales de las enfermedades renales -- Aspectos nutricionales de la osteoporosis -- Aspectos nutricionales del raquitismo y la osteomalacia -- Aspectos nutricionales de las enfermedades gastrointestinales -- Aspectos nutricionales de la ingestión de alcohol.
526 _aSEG44
526 _aSEG26
526 _aP159
526 _aP155
526 _aP154
526 _aP153
526 _aP150
526 _aP100
526 _aP31
526 _aP30
526 _aP26
526 _aP25
526 _aP24
526 _aP22
526 _aP15
526 _aP10
596 _a1 2
650 0 4 _aNutrición clínica.
_9801
700 1 _aLuean E. Anthony.
910 _ajck
_bjvq
_cjck
942 _2ddc
_cBOOK
949 _a574.13061 T27
_wDEWEY
_c1
_i35382
_f2018-2-10
_g2
_lCCODEBUL1
_mBUL
_r0
_sY
_tBOOK
_u2015-4-23
_xSALUD
_zUNKNOWN
_0COMPRA
_o.STAFF. Colección General
949 _a574.13061 T27
_wDEWEY
_c1
_iFT00306
_lCCODEBUT1
_mBUT
_p{Dolar}16.00
_r0
_sY
_tBOOK
_u2016-7-5
_xBIBLIOTECA
_zUNKNOWN
_0COMPRA
_o.STAFF. Colección General Tarapoto
949 _a574.13061 T27
_wDEWEY
_c2
_i27338
_d2018-4-26
_e2017-5-11
_f2018-2-10
_g2
_lCCODEBUL1
_mBUL
_n3
_q1
_r0
_sY
_tBOOK
_u2015-4-23
_xSALUD
_zUNKNOWN
_0COMPRA
_o.STAFF. Colección Ciencias de la Salud
949 _a574.13061 T27
_wDEWEY
_c3
_i35383
_e2017-4-21
_f2018-2-10
_g2
_lCCODEBUL1
_mBUL
_n1
_r0
_sY
_tBOOK
_u2015-4-23
_xSALUD
_zUNKNOWN
_0COMPRA
_o.STAFF. Colección Ciencias de la Salud
949 _a574.13061 T27
_wDEWEY
_c4
_i35384
_d2018-4-10
_f2018-2-10
_g2
_lCCODEBUL1
_mBUL
_q1
_r0
_sY
_tBOOK
_u2015-4-23
_xSALUD
_zUNKNOWN
_0COMPRA
_o.STAFF. Colección General
994 _aC0
_bPEPRU
999 _a574.13061 T27
_wDEWEY
_c48669
_i35382
_f2021-11-5
_g5
_lCCODEBUL1
_mBUL
_r0
_sY
_tBOOK
_u2015-4-23
_xBIBLIOTECA
_zUNKNOWN
_0COMPRA
_o.STAFF. Colección General
_d48669
999 _a574.13061 T27
_wDEWEY
_c2
_i27338
_d2018-4-26
_e2017-5-11
_f2021-11-3
_g5
_lCCODEBUL1
_mBUL
_n3
_p16.00
_q1
_r0
_sY
_tBOOK
_u2015-4-23
_xSALUD
_zUNKNOWN
_0COMPRA
_o.STAFF. Colección Ciencias de la Salud
999 _a574.13061 T27
_wDEWEY
_c3
_i35383
_d2022-7-11
_e2022-7-6
_f2021-11-3
_g5
_lCCODEBUL1
_mBUL
_n2
_p16.00
_q1
_r0
_sY
_tBOOK
_u2015-4-23
_xSALUD
_zUNKNOWN
_0COMPRA
_o.STAFF. Colección Ciencias de la Salud
999 _a574.13061 T27
_wDEWEY
_c4
_i35384
_d2018-4-10
_f2021-11-5
_g5
_lCCODEBUL1
_mBUL
_q1
_r0
_sY
_tBOOK
_u2015-4-23
_xBIBLIOTECA
_zUNKNOWN
_0COMPRA
_o.STAFF. Colección General
999 _a574.13061 T27 1985
_wDEWEY
_c1
_iFT00306
_d2018-6-24
_e2018-6-22
_f2019-2-20
_g1
_lCCODEBUT1
_mBUT
_n2
_p16.00
_r0
_sY
_tBOOK
_u2016-7-5
_xBIBLIOTECA
_zUNKNOWN
_0COMPRA
_o.STAFF. Colección General Tarapoto
980 _81
_gALBERTO SANCHEZ Responsable de Automatización